MARC

LEADER 00000nam0a2200000 4500
001 338714
005 20231102005056.0
035 |a (RuTPU)RU\TPU\book\365218 
090 |a 338714 
100 |a 20171201d1964 k y0rusy50 ca 
101 0 |a rus 
102 |a RU 
105 |a a z 001zy 
200 1 |a Физика полупроводников и металлов  |e сборник научных статей  |f Академия наук СССР, Карельский филиал 
210 |a Москва  |a Ленинград  |c Наука  |d 1964 
215 |a 77 с.  |c ил. 
320 |a Библиография в конце статей 
606 1 |a Полупроводники  |x Физика  |2 stltpush  |3 (RuTPU)RU\TPU\subj\50607 
610 1 |a вентильные металлы 
610 1 |a электрохимическое окисление 
610 1 |a оксидные пленки 
610 1 |a электролитическое окисление 
610 1 |a сталь 
610 1 |a усталость 
610 1 |a рентгенографическое исследование 
610 1 |a спектральный анализ 
610 1 |a предварительный электроискровой перенос 
610 1 |a применение 
675 |a 537.311.322  |v 4 
712 0 2 |a Академия наук СССР  |b Карельский филиал  |c (Петрозаводск)  |c (1956-1963, 1967-1990)  |2 stltpush  |3 (RuTPU)RU\TPU\col\21268  |9 27959 
801 1 |a RU  |b 63413507  |c 20171201 
801 2 |a RU  |b 63413507  |c 20201109  |g RCR 
942 |c BK